000 00879nam a22002417a 4500
999 _c162110
_d162110
005 20190816104834.0
010 _a1819CHEN B-718188-208
020 _c175.00
_a9789383331888
035 _aB-718188-208
035 _aB-728594
037 _bPansy Books
082 _aS
100 _aPavithra Sankaran
245 _aMira the detective /
_cby Pavithra Sankaran ; illustrated by Vandana Singh
260 _bDuckbill Books
_aChennai
_c2018
270 _bChennai
_aF2 Oyster Operaa, 35/36 Gangai Street Kalakshetra Colony
_e600090
300 _a66p.:
_c20cm(pbk)
_bill.
500 _aAirport
700 _aSingh,Vandana
942 _2ddc
_cCH
_mPAV
_hS